000 00633nam a22001937a 4500
003 koha_MIRAKIL
005 20241121102142.0
008 241121b tur||||| |||| 00| 0 tur d
020 _a9750902572
040 _aTR-IsEVY
_btur
_cTR-IsEVY
082 _aR 740
_bROC/R
100 _aRockett, Sabine
245 0 _aRenkli bilgiler kitaplığı:
_bhem eğlen hem öğren /
_cSabine Rockett.
260 _aİstanbul :
_bABC Kitabevi.
_c1996.
300 _a88 s. :
_brenkli resimli ;
_c29 cm.
490 0 _aRenkli Bilgiler Kitaplığı.
650 _aBaşvuru Kaynakları.
_vSanat.
_vEl Becerileri.
_vÇocuk Aktiviteleri.
942 _2ddc
_cBK
999 _c21087
_d21087